000 01571nam a2200325 a 4500
001 60527
003 BD-RjUL
005 20211209080844.0
008 170101s1992 bg b s o000 0 eng d
020 _a9845080421
_c: Complimentary
035 _a(BD-RjUL) 60651
035 _a(OCoLC)ocm27450619
035 _a(NNC)1450898
040 _aDLC
_cDLC
_dDLC
_dBD-RjUL
_beng
041 0 _aengben
082 _223
_a304.6095492021
_bRAN 1992 (CS)
110 _aBangladesh Bureau Of Statistics.
_9179266
245 1 0 _aBangladesh population census, 1991 = বাংলাদেশ আদমশুমারী, ১৯৯১ :
_bCommunity series, Zila: Rangamati = কমিউনিটি সিরিজ, জেলা: রাঙ্গামাটি /
_cBangladesh Bureau Of Statistics.
246 _aবাংলাদেশ আদমশুমারী, ১৯৯১ :
_bকমিউনিটি সিরিজ, জেলা: রাঙ্গামাটি
260 _aDhaka :
_bBBS,
_c1992
300 _axiv, 140 p. :
_bIll. ;
_c28 cm.
490 _aCommunity series, Zila: Rangamati
490 _aকমিউনিটি সিরিজ, জেলা: রাঙ্গামাটি
500 _aPrefatory matter in Bengali and English.
651 _aBangladesh
_zRangamati
_vCensus, 1991.
_9180245
651 _aBangladesh
_zRangamati
_xPopulation
_vStatistics.
_9180246
830 _aCommunity series, Zila: Rangamati
_9180247
830 _aকমিউনিটি সিরিজ, জেলা: রাঙ্গামাটি
_9181419
942 _2ddc
_cRAR
999 _c60527
_d60527